Statistics for Pink Floyd people

Click here to take the quiz!

General Stats

  • This quiz has been taken 333 times
    (262 since last reset)
  • The average score is 6 of 11

Answer Stats

HintAnswer% Correct
Band member (1968-) - guitarist, singerDavid Gilmour
98%
Band member (1965-1985) - bass player, singerRoger Waters
98%
Band member (1965-1968) - guitarist, singerSyd Barrett
95%
Band member (1965-) - drummerNick Mason
93%
Band member (1965-1979; 1992-2008) - key board, singerRichard Wright
89%
Singer and vocal improviser for "The Great Gig In The Sky"Clare Torry
42%
Saxophonist who played soli on Money, Us and Them, Shine On You Crazy Diamond and Wearing The Inside Out.Dick Parry
35%
Graphic designer for "The Wall" (ca. 1979-1982)Gerald Scarfe
27%
Graphic designer of most of the albums (1968-)Storm Thorgerson
26%
Producer of three albums (1979, 1987, 1994)Bob Ezrin
24%
Band Member (1965-1966) - guitaristBob Klose
21%

Score Distribution

Percentile by Number Answered

Percent of People with Each Score

Your Score History

You have not taken this quiz since the last reset